| 000 | 00556nam a2200193 a 4500 | ||
|---|---|---|---|
| 001 | 33696 | ||
| 005 | 20180714001655.0 | ||
| 008 | 140415s1979 sp 000 0 spa d | ||
| 020 | _a8427612273 | ||
| 041 | _aspa | ||
| 082 |
_a861 _bFER |
||
| 100 | 1 | _aFERREIRO, CELSO EMILIO | |
| 245 | 1 | 0 |
_aDONDE EL MUNDO SE LLAMA CELANOVA : _bONDE O SU MUNDO CHAMASE CELANOVA |
| 250 | _a1a ed. | ||
| 260 |
_aESPAÑA : _bEDITORA NACIONAL, _c1979 |
||
| 300 | _a181 | ||
| 490 |
_aALFAR, COLECCION DE POESIA _v4 |
||
| 650 | 1 | 4 |
_aLITERATURA _xESPAOLA _xPOESIA |
| 999 |
_c33696 _d33696 |
||